000 00686nam a2200289Ia 4500
005 20260324131026.0
008 008 260324s9999 xx 000 0 eng d
020 _a9780203014486
037 _aEBOOK
040 _aCRL
040 _beng
040 _cCRL
041 _2eng
041 _aeng
084 _qCRL
100 _aSalwa M. El-Awa
_91183939
245 0 _aTextual Relations in the Qur'an
245 0 _bRelevance, Coherence and Structure
260 _bTaylor and Francis
260 _c2006
365 _a
365 _b315
856 _uhttp://www.taylorfrancis.com/books/9780203014486
942 _cEBOOK
999 _c1780733
_d1780733